000
00283nam a2200121Ia 4500
008
190216s9999||||xx |||||||||||||| ||und||
100
_a
Null
245
0
_a
Hindi-Sabarik Aur Preshashthik Pathvahar
260
_b
Anil Pusthak Kendra
300
_a
106
650
_a
Hindi
942
_c
BK
999
_c
15884
_d
15884